Otcomilky /
Otcomilky jsou humorně laděný příběh o vztazích otců a jejich dcer, o vylétávání z teplých hnízd a novém hnízdění. Otcomilky jsou knihou na každý noční stolek.
Uloženo v:
| Hlavní autor: | |
|---|---|
| Médium: | E-kniha |
| Jazyk: | Czech |
| Vydáno: |
Praha :
BELAMI,
2026
|
| Tagy: |
Žádné tagy |
| LEADER | 01059nam a22002297i 4500 | ||
|---|---|---|---|
| 001 | 302543 | ||
| 007 | ta | ||
| 008 | 260513s2026 xr ||||| |||| 00| 0 cze d | ||
| 020 | |a 9788087166246 | ||
| 044 | |a xr | ||
| 100 | 1 | |a Monyová, Simona |4 aut | |
| 245 | 1 | 0 | |a Otcomilky / |c Monyová, Simona |
| 264 | 1 | |a Praha : |b BELAMI, |c 2026 | |
| 300 | |a 1 online zdroj (144 stran) | ||
| 336 | |a text |b txt |2 rdacontent | ||
| 337 | |a bez média |b n |2 rdamedia | ||
| 338 | |a online zdroj |b cr |2 rdacarrier | ||
| 520 | 2 | |a Otcomilky jsou humorně laděný příběh o vztazích otců a jejich dcer, o vylétávání z teplých hnízd a novém hnízdění. Otcomilky jsou knihou na každý noční stolek. | |
| 910 | |a RBIT002 | ||
| 998 | |d 427060 |a https://core.palmknihy.cz/api/books/427060/cover?tewz0y |b https://core.palmknihy.cz/api/books/427060/cover/400?tewz0y |c https://core.palmknihy.cz/api/books/427060/cover/50?tewz0y |e |g 144 |i 9788087166246 |j https://core.palmknihy.cz/api/books/427060/preview.epub |l |q 49 |r 1 |s https://www.palmknihy.cz/kniha/427060 |t ebook |y 2026 |z 1 | ||
| 999 | |d 302541 | ||